| 000 | 01160nam a2200313 i 4500 | ||
|---|---|---|---|
| 001 | 000011501 | ||
| 003 | DO-SdBNP | ||
| 005 | 20240412074226.0 | ||
| 007 | ta | ||
| 008 | 091019s2006 dr r 000 j spa d | ||
| 020 | _a9993430862 | ||
| 040 |
_aDO-SdBNP _bspa _cBNPHU _erda |
||
| 082 | 4 |
_aRD863.44 _bA445c _222 |
|
| 100 | 1 |
_aAlmánzar R., Armando, _d1935- _927234 _eautor |
|
| 245 | 1 | 0 |
_aConcerto grosso / _cArmando Almánzar R. ; presentación Luis Martín Gómez. |
| 264 |
_aSanto Domingo : _bBanco Central de la República Dominicana, _c2006. |
||
| 300 |
_a173 páginas ; _c23 cm. |
||
| 336 |
_2rdacontent _atexto _btxt |
||
| 337 |
_2rdamedia _asin mediación _bn |
||
| 338 |
_2rdacarrier _avolumen _bnc |
||
| 490 | 1 |
_aBanco Central de la República Dominicana Derpatamento Cultural _v 83/33 |
|
| 500 | _aIncluye datos biográficos del autor en la solapa de la cubierta | ||
| 590 | _aInventariado, 2018/BT | ||
| 650 | 0 |
_aCuentos dominicanos _9176 |
|
| 650 | 0 |
_aLiteratura dominicana. _967 |
|
| 830 | 0 |
_aBanco Central de la República Dominicana Derpatamento Cultural _v83/33 _927235 |
|
| 910 | _aValidado. Control de calidad. MFF | ||
| 942 |
_2ddc _cLBS1 |
||
| 999 |
_c11202 _d11202 |
||